MARC

LEADER 00000cam a2200000 7i4500
001 0000002294
005 20030523.0
020 0 0 |a 0889369267 
090 0 0 |a 333.9534   |b CRU 2000 
110 1 0 |a CRUCIBLE II Group 
245 1 0 |a Seeding solutions; volume 1 :   |b policy options for genetic resources :   |b people, plants, and patents revisited   |c the Crucible II Group 
260 0 0 |a Ottawa :   |b International Development Research Centre;   |a Rome, Italy :   |b International Plant Genetic Resources Institute;   |a Uppsala, Sweden :   |b Dag Hammarskjöld Foundation ,   |c 2000 
300 |a xiii, 121 p. ;   |c 24 cm. 
500 0 0 |a Includes bibliographical references (p. 111-121) 
650 0 0 |a Biological diversity conservation 
650 0 0 |a Germplasm resources, Plant 
650 0 0 |a Intellectual property 
650 0 0 |a Patents 
650 0 0 |a Plant varieties   |x Protection 
650 0 0 |a Plants, Cultivated   |x Patents 
710 1 1 |a Dag Hammarskjöld Foundation 
710 1 1 |a International Development Research Centre (Canada) 
710 1 1 |a International Plant Genetic Resources Institute 
998 |a JPSM 
999 |a 0000004226   |b Monograph   |c Open Shelf   |e Default branch